Vzťah nových technológií a architektúry energetických stavieb (kogeneračné zariadenia). Links between new technology and architecture of pover plant (CHP instalations) : doktorandská dizertačná práca /

Guardado en:
Detalles Bibliográficos
Autor principal: Meziani, Yakoub, 1975- (Autor)
Formato: Libro
Lenguaje:eslovaco
Publicado: Bratislava : STU v Bratislave FA, 2009
Materias:
Acceso en línea:CRZP
Etiquetas: Agregar Etiqueta
Sin Etiquetas, Sea el primero en etiquetar este registro!

MARC

LEADER 00000nam a22000003a 4500
001 stu214512
005 20230323085415.0
008 101026s2009------------------------slo-d
040 |a STU  |b slo 
041 0 |a slo 
100 1 |a Meziani, Yakoub,  |d 1975-  |4 aut  |u A4140  |9 100  |U FAD Fakulta architektúry  |T FA Ústav konštrukcií v architektúre a inžinierskych stavieb  |X 5058  |U A4140  |Y 395  |7 A000005058 
245 1 |a Vzťah nových technológií a architektúry energetických stavieb (kogeneračné zariadenia). Links between new technology and architecture of pover plant (CHP instalations) :  |b doktorandská dizertačná práca /  |c Školiteľ J. Ilkovič 
260 |a Bratislava :  |b STU v Bratislave FA,  |c 2009 
300 |a 123 
650 7 |a architektúra  |2 stusub 
650 7 |a energetická výrobňa  |2 stusub 
650 7 |a kogenerácia  |2 stusub 
650 7 |a konštrukcia  |2 stusub 
650 7 |a bioplyn  |2 stusub 
650 7 |a výrobná kapacita  |2 stusub 
856 4 0 |u https://opac.crzp.sk/?fn=detailBiblioForm&sid=B50A34AFD91B44707941AEE6C486  |3 CRZP 
996 |b 284AB01010  |c A*7307 V  |l AAKNST  |s P  |a 0  |w stu214512_0001